Filme anhand Bilder der Bösewichte erkennen #1 - Statistiken

Allgemein
  • Dieses Quiz wurde 445 mal gespielt
  • Das Durchschnittsergebnis liegt bei 10 aus 20
Antwortstatistiken
Bildquiz Antwort % Korrekt
Star Wars
99%
Jurassic Park
82%
Matrix
75%
Das Schweigen der Lämmer
72%
Terminator
72%
Batman
70%
Gladiator
66%
The Avengers: Infinity War
65%
Karate Kid
63%
Der Zauberer von Oz
51%
Predator
49%
Django Unchained
48%
Die Schöne und das Biest
47%
Psycho
40%
Toy Story 3
38%
Zurück in die Zukunft
37%
No Country for Old Men
28%
2001: Odyssee im Weltraum
15%
Girls Club
13%
Voll auf die Nüsse
13%
Keine übereinstimmenden Quizze gefunden
Verteilung der Resultate
Anzahl Personen mit jedem Resultat
Perzentil nach korrekt beantworteten Fragen
Ihre Resultats-Entwicklung
Sie haben dieses Quiz noch nicht gespielt